Přijďte kamarádi

Další autoři: Homolková, Olga, 1956-2015, Homolka, Jiří, 1950 květen 8.-, Římek, Ondřej, 1986-
Jazyk: Čeština
Vydáno: Praha: Vaško Music, p2005
Témata:
Fyzický popis: 1 zvuková deska (59:38) : digital ; 12 cm + 1 leták (12 x 24 cm)
Vydáno také na kazetě; VM 0175-4
Zvukové nahrávky
Uloženo v:
LEADER 01902njm a2200409 a 4500
001 000825230
003 CZ BrMZK
005 20201126185903.0
007 sd fsngnnmmned
008 060908s2005 xr mu g cze d
028 0 0 |a VM 0175-2  |b Vaško Music 
040 |a BOA001  |b cze 
047 |a wz  |a df  |a zz 
048 |a kz01  |b vu02 
072 7 |a 784  |x Vokální hudba  |2 Konspekt  |9 9 
080 |a 784.4.088  |2 MRF 
080 |a 785.12:784.9  |2 MRF 
245 0 0 |a Přijďte kamarádi  |h [zvukový záznam] 
260 |a Praha:  |b Vaško Music,  |c p2005 
300 |a 1 zvuková deska (59:38) :  |b digital ;  |c 12 cm +  |e 1 leták (12 x 24 cm) 
306 |a 005938 
500 |a Kompaktní deska 
505 0 0 |t Smutná milenka --  |t Lodička mládí --  |t Přijďte kamarádi --  |t Potůček stříbrný --  |t Malá písnička --  |t Poslední polibek --  |t Za potočinou --  |t Když jsem na stráži vartu stál --  |t Černý kos --  |t Gondola milování --  |t Přes dvě vesnice --  |t Byl večer tichý --  |t Jablíčka již dozrávají --  |t Obláčky bílé --  |t Zimní růže --  |t Ten večer májový --  |t Chaloupky zasněžené --  |t Až já budu rukovat 
511 1 |a Olga a Jiří Homolkovi, zpěv, harmoniak, Ondřej Římek, heligonka 
518 |a Nahráno ve studiu Stříbrná, červen - srpen 2005 
530 |a Vydáno také na kazetě;  |d VM 0175-4 
650 0 4 |a dechová hudba (zpěv (2),harmonika) 
650 0 4 |a dechová hudba (zpěv (2), heligonka) 
650 0 7 |a lidové písně, úpravy  |7 ph320413  |2 czenas 
655 7 |a kompaktní desky  |7 fd201991  |2 czenas 
700 1 |a Homolková, Olga,  |d 1956-2015  |7 jx20050919011  |4 sng 
700 1 |a Homolka, Jiří,  |d 1950 květen 8.-  |7 jn19981001473  |4 itr  |4 sng 
700 1 |a Římek, Ondřej,  |d 1986-  |7 xx0153095  |4 itr 
910 |a BOA001  |b CD-0013.290 
990 |a AV 
991 |b 200609 
996 6 |b 261H014670  |c CD-0013.290  |l MZK  |r Sklad / do 24 hodin  |n 0  |w 000825230  |u 000010  |a 1  |e BOA001  |j MZK50  |s P